[Event "2016 South Wales International"]
[Site "Cardiff"]
[Date "2016.07.09"]
[Round "5"]
[Board "6"]
[White "Wallace, Paul"]
[Black "Rudd, Jack"]
[Result "0-1"]
[WhiteElo "2243"]
[BlackElo "2213"]
[PlyCount "0"]
[EventDate "2016.07.07"]
[EventRounds "10"]
[EventCountry "WLS"]

1. e4 {[%clk 1:30:58]} e5 {[%clk 1:30:55]} 2. Nf3 {[%clk 1:31:22]} Nc6
{[%clk 1:31:19]} 3. Bb5 {[%clk 1:31:47]} Nf6 {[%clk 1:31:43]} 4. O-O
{[%clk 1:31:30]} Nxe4 {[%clk 1:32:03]} 5. d4 {[%clk 1:31:29]} Nd6
{[%clk 1:32:27]} 6. Bxc6 {[%clk 1:31:52]} dxc6 {[%clk 1:32:51]} 7. dxe5
{[%clk 1:32:14]} Nf5 {[%clk 1:33:16]} 8. Qxd8+ {[%clk 1:32:36]} Kxd8
{[%clk 1:33:41]} 9. Nc3 {[%clk 1:32:25]} Ke8 {[%clk 1:33:52]} 10. Bf4
{[%clk 1:30:14]} Be6 {[%clk 1:33:28]} 11. Rfd1 {[%clk 1:19:36]} h6
{[%clk 1:33:03]} 12. Ne4 {[%clk 1:09:47]} Bd5 {[%clk 1:32:42]} 13. Re1
{[%clk 1:09:52]} Rd8 {[%clk 1:31:13]} 14. Rad1 {[%clk 0:59:05]} Be6
{[%clk 1:30:51]} 15. Rxd8+ {[%clk 0:58:06]} Kxd8 {[%clk 1:31:11]} 16. Ng3
{[%clk 0:42:43]} Ne7 {[%clk 1:30:56]} 17. Nd4 {[%clk 0:42:31]} Bd5
{[%clk 1:31:17]} 18. e6 {[%clk 0:39:58]} Ng6 {[%clk 1:30:15]} 19. Nh5
{[%clk 0:39:07]} c5 {[%clk 1:22:09]} 20. Nb5 {[%clk 0:38:51]} Nxf4
{[%clk 1:20:37]} 21. Nxf4 {[%clk 0:39:07]} fxe6 {[%clk 1:20:38]} 22. Nxe6+
{[%clk 0:38:01]} Bxe6 {[%clk 1:20:57]} 23. Rxe6 {[%clk 0:38:25]} a6
{[%clk 1:20:33]} 24. Nc3 {[%clk 0:38:42]} Kd7 {[%clk 1:20:40]} 25. Rg6
{[%clk 0:38:22]} Ke8 {[%clk 1:20:39]} 26. Kf1 {[%clk 0:26:01]} Kf7
{[%clk 1:18:01]} 27. Rg3 {[%clk 0:26:25]} Bd6 {[%clk 1:17:37]} 28. Rf3+
{[%clk 0:22:16]} Ke6 {[%clk 1:17:36]} 29. Re3+ {[%clk 0:22:23]} Kd7
{[%clk 1:17:53]} 30. Ne4 {[%clk 0:22:00]} Be7 {[%clk 1:17:59]} 31. Ke2
{[%clk 0:21:25]} Rf8 {[%clk 1:17:58]} 32. c4 {[%clk 0:20:24]} Rf4
{[%clk 1:17:00]} 33. g3 {[%clk 0:19:47]} Rf5 {[%clk 1:17:21]} 34. h4
{[%clk 0:17:33]} g5 {[%clk 1:17:20]} 35. hxg5 {[%clk 0:17:19]} hxg5
{[%clk 1:17:43]} 36. g4 {[%clk 0:11:03]} Rf4 {[%clk 1:17:55]} 37. f3
{[%clk 0:11:26]} Rf7 {[%clk 1:18:17]} 38. Rd3+ {[%clk 0:11:47]} Kc6
{[%clk 1:18:27]} 39. Rd5 {[%clk 0:10:25]} Rh7 {[%clk 1:18:38]} 40. Re5
{[%clk 0:04:40]} Rh2+ {[%clk 1:14:40]} 41. Ke3 {[%clk 0:27:55]} Bf8
{[%clk 1:44:16]} 42. Nxg5 {[%clk 0:18:53]} Rxb2 {[%clk 1:44:01]} 43. f4
{[%clk 0:17:57]} Rxa2 {[%clk 1:43:43]} 44. Re8 {[%clk 0:16:23]} Bd6
{[%clk 1:43:45]} 45. Nf7 {[%clk 0:16:10]} Bxf4+ {[%clk 1:44:00]} 46. Kxf4
{[%clk 0:15:14]} Rf2+ {[%clk 1:44:23]} 47. Kg5 {[%clk 0:14:23]} Rxf7
{[%clk 1:44:45]} 48. Re4 {[%clk 0:11:56]} b5 {[%clk 1:44:25]} 49. Re6+
{[%clk 0:11:55]} Kb7 {[%clk 1:44:47]} 50. cxb5 {[%clk 0:11:59]} axb5
{[%clk 1:45:11]} 51. Rf6 {[%clk 0:08:46]} Rxf6 {[%clk 1:45:15]} 52. Kxf6
{[%clk 0:09:10]} c4 {[%clk 1:45:37]} 53. g5 {[%clk 0:09:32]} c3 {[%clk 1:46:02]}
 0-1

[Event "2016 South Wales International"]
[Site "Cardiff"]
[Date "2016.07.09"]
[Round "5"]
[Board "7"]
[White "Martin, Lewis"]
[Black "L'ami, Alina"]
[Result "1/2-1/2"]
[WhiteElo "2053"]
[BlackElo "2339"]
[PlyCount "0"]
[EventDate "2016.07.07"]
[EventRounds "10"]
[EventCountry "WLS"]

1. d4 {[%clk 1:30:57]} Nf6 {[%clk 1:30:40]} 2. c4 {[%clk 1:31:21]} g6
{[%clk 1:31:06]} 3. Nc3 {[%clk 1:31:21]} Bg7 {[%clk 1:31:29]} 4. e4
{[%clk 1:31:48]} d6 {[%clk 1:31:56]} 5. Nf3 {[%clk 1:31:16]} O-O {[%clk 1:32:18]}
6. Be2 {[%clk 1:31:42]} e5 {[%clk 1:32:38]} 7. O-O {[%clk 1:31:53]} Nc6
{[%clk 1:33:03]} 8. d5 {[%clk 1:32:19]} Ne7 {[%clk 1:33:29]} 9. b4
{[%clk 1:29:56]} Nh5 {[%clk 1:31:38]} 10. c5 {[%clk 1:23:36]} Nf4
{[%clk 1:26:13]} 11. Bc4 {[%clk 1:18:29]} Bg4 {[%clk 1:21:02]} 12. Bxf4
{[%clk 1:09:41]} exf4 {[%clk 1:21:12]} 13. Qd3 {[%clk 1:10:03]} Bxf3
{[%clk 1:16:44]} 14. Qxf3 {[%clk 1:10:08]} g5 {[%clk 1:15:58]} 15. Rac1
{[%clk 1:02:06]} Ng6 {[%clk 1:12:45]} 16. Ne2 {[%clk 1:01:12]} Qe7
{[%clk 1:00:50]} 17. Bb3 {[%clk 0:47:32]} Nh4 {[%clk 0:48:31]} 18. Qh5
{[%clk 0:44:03]} Ng6 {[%clk 0:37:57]} 19. Bc2 {[%clk 0:40:46]} a5
{[%clk 0:32:06]} 20. cxd6 {[%clk 0:34:52]} cxd6 {[%clk 0:32:28]} 21. b5
{[%clk 0:35:11]} Rac8 {[%clk 0:32:37]} 22. Bb1 {[%clk 0:32:44]} Bb2
{[%clk 0:27:30]} 23. Rxc8 {[%clk 0:30:28]} Rxc8 {[%clk 0:27:46]} 24. h4
{[%clk 0:29:55]} f6 {[%clk 0:24:42]} 25. g3 {[%clk 0:22:28]} Rf8 {[%clk 0:15:28]}
26. gxf4 {[%clk 0:19:36]} Nxh4 {[%clk 0:15:18]} 27. Kh2 {[%clk 0:15:05]} Ng6
{[%clk 0:13:17]} 28. Rg1 {[%clk 0:11:14]} Nxf4 {[%clk 0:11:52]} 29. Nxf4
{[%clk 0:08:51]} Be5 {[%clk 0:12:20]} 30. Qh3 {[%clk 0:08:42]} Bxf4+
{[%clk 0:12:22]} 31. Kg2 {[%clk 0:09:07]} Rf7 {[%clk 0:10:45]} 32. Rh1
{[%clk 0:04:23]} Qd7 {[%clk 0:06:01]} 33. b6 {[%clk 0:02:53]} Qxh3+
{[%clk 0:04:01]} 34. Rxh3 {[%clk 0:03:18]} Be5 {[%clk 0:04:15]} 35. Ra3
{[%clk 0:02:14]} Bd4 {[%clk 0:04:43]} 36. Rxa5 {[%clk 0:02:39]} Bxb6
{[%clk 0:05:12]} 37. Ra8+ {[%clk 0:02:13]} Kg7 {[%clk 0:05:40]} 38. Rc8
{[%clk 0:02:31]} Bc5 {[%clk 0:03:28]} 39. Bd3 {[%clk 0:02:28]} b6
{[%clk 0:03:38]} 40. a4 {[%clk 0:02:49]} g4 {[%clk 0:02:38]} 41. f3
{[%clk 0:27:21]} gxf3+ {[%clk 0:31:52]} 42. Kxf3 {[%clk 0:27:47]} h5
{[%clk 0:31:37]} 43. Kg3 {[%clk 0:25:14]} Re7 {[%clk 0:30:47]} 44. Kf4
{[%clk 0:22:50]} Bb4 {[%clk 0:23:25]} 45. Bf1 {[%clk 0:19:48]} Bd2+
{[%clk 0:19:12]} 46. Kf3 {[%clk 0:20:03]} f5 {[%clk 0:19:16]} 47. Bd3
{[%clk 0:10:58]} fxe4+ {[%clk 0:16:53]} 48. Bxe4 {[%clk 0:11:22]} Rf7+
{[%clk 0:15:48]} 49. Ke2 {[%clk 0:09:57]} Bb4 {[%clk 0:16:01]} 50. Rc4
{[%clk 0:07:39]} Bc5 {[%clk 0:16:17]} 51. Bf3 {[%clk 0:08:05]} Rf5
{[%clk 0:15:10]} 52. Rh4 {[%clk 0:06:28]} Kh6 {[%clk 0:14:35]} 53. Rh3
{[%clk 0:05:05]} Re5+ {[%clk 0:14:39]} 54. Kf1 {[%clk 0:05:21]} Bb4
{[%clk 0:14:46]} 55. Rh4 {[%clk 0:05:08]} Bc5 {[%clk 0:14:01]} 56. Rh3
{[%clk 0:05:26]} Kg6 {[%clk 0:12:34]} 57. Kg2 {[%clk 0:04:53]} Bb4
{[%clk 0:12:13]} 58. Kf1 {[%clk 0:04:07]} Re1+ {[%clk 0:09:54]} 59. Kg2
{[%clk 0:04:06]} Ra1 {[%clk 0:09:10]} 60. Bxh5+ {[%clk 0:04:04]} Kf5
{[%clk 0:08:34]} 61. Be8 {[%clk 0:04:11]} Ra2+ {[%clk 0:08:08]} 62. Kf3
{[%clk 0:04:08]} Ke5 {[%clk 0:07:57]} 63. Rh5+ {[%clk 0:03:34]} Kd4
{[%clk 0:07:59]} 64. Rh4+ {[%clk 0:03:54]} Kc3 {[%clk 0:06:34]} 65. Bb5
{[%clk 0:03:28]} Bc5 {[%clk 0:06:37]} 66. Rc4+ {[%clk 0:03:17]} Kb3
{[%clk 0:06:49]} 67. Ke4 {[%clk 0:03:05]} Re2+ {[%clk 0:05:53]} 68. Kd3
{[%clk 0:03:13]} Re3+ {[%clk 0:06:12]} 69. Kd2 {[%clk 0:03:35]} Rg3
{[%clk 0:05:32]} 70. Re4 {[%clk 0:03:20]} Bb4+ {[%clk 0:05:25]} 71. Ke2
{[%clk 0:03:31]} Rg1 {[%clk 0:04:49]} 72. Bc6 {[%clk 0:03:22]} Re1+
{[%clk 0:04:50]} 1/2-1/2

[Event "2016 South Wales International"]
[Site "Cardiff"]
[Date "2016.07.09"]
[Round "5"]
[Board "8"]
[White "Marusenko, Petr"]
[Black "Longson, Sarah N"]
[Result "1-0"]
[WhiteElo "2226"]
[BlackElo "2117"]
[PlyCount "0"]
[EventDate "2016.07.07"]
[EventRounds "10"]
[EventCountry "WLS"]

1. e4 {[%clk 1:28:40]} e5 {[%clk 1:30:56]} 2. Nc3 {[%clk 1:29:04]} Nf6
{[%clk 1:31:12]} 3. f4 {[%clk 1:29:28]} d5 {[%clk 1:31:35]} 4. fxe5
{[%clk 1:29:51]} Nxe4 {[%clk 1:31:57]} 5. Qf3 {[%clk 1:30:16]} Nxc3
{[%clk 1:26:13]} 6. bxc3 {[%clk 1:30:20]} Be7 {[%clk 1:18:15]} 7. Ne2
{[%clk 1:26:51]} c5 {[%clk 1:14:04]} 8. Nf4 {[%clk 1:26:12]} Be6 {[%clk 1:01:02]}
9. c4 {[%clk 1:16:36]} dxc4 {[%clk 0:53:11]} 10. Nxe6 {[%clk 1:16:39]} fxe6
{[%clk 0:53:29]} 11. Bb2 {[%clk 1:17:05]} Bh4+ {[%clk 0:47:45]} 12. g3
{[%clk 1:15:38]} Bg5 {[%clk 0:47:57]} 13. O-O-O {[%clk 1:15:58]} Nc6
{[%clk 0:40:36]} 14. h4 {[%clk 1:14:05]} Be7 {[%clk 0:37:09]} 15. Bxc4
{[%clk 1:13:37]} Nd4 {[%clk 0:33:11]} 16. Qe4 {[%clk 1:12:07]} Qd7
{[%clk 0:28:32]} 17. Rhf1 {[%clk 1:05:54]} Qa4 {[%clk 0:21:49]} 18. Bxd4
{[%clk 0:53:53]} Qxc4 {[%clk 0:22:00]} 19. Qxb7 {[%clk 0:54:13]} Qd5
{[%clk 0:21:55]} 20. Qb5+ {[%clk 0:53:13]} Qd7 {[%clk 0:22:15]} 21. Qxd7+
{[%clk 0:53:38]} Kxd7 {[%clk 0:22:41]} 22. Bb2 {[%clk 0:53:52]} Rhf8
{[%clk 0:22:22]} 23. Ba3 {[%clk 0:49:22]} c4 {[%clk 0:21:59]} 24. Bxe7
{[%clk 0:49:34]} Kxe7 {[%clk 0:22:25]} 25. Kb2 {[%clk 0:49:45]} Rf5
{[%clk 0:16:50]} 26. Rxf5 {[%clk 0:50:03]} exf5 {[%clk 0:17:16]} 27. Kc3
{[%clk 0:50:26]} Ke6 {[%clk 0:17:27]} 28. Kxc4 {[%clk 0:50:41]} Rc8+
{[%clk 0:17:36]} 29. Kd3 {[%clk 0:51:02]} Rd8+ {[%clk 0:17:16]} 30. Ke3
{[%clk 0:51:15]} Kxe5 {[%clk 0:17:33]} 31. d4+ {[%clk 0:51:33]} Kd5
{[%clk 0:17:36]} 32. Kd3 {[%clk 0:51:58]} Re8 {[%clk 0:16:31]} 33. Rb1
{[%clk 0:51:36]} Kc6 {[%clk 0:16:13]} 34. c4 {[%clk 0:49:31]} Re4
{[%clk 0:15:28]} 35. Rb5 {[%clk 0:49:07]} g6 {[%clk 0:15:18]} 36. Re5
{[%clk 0:49:18]} Rg4 {[%clk 0:15:23]} 37. Re6+ {[%clk 0:47:42]} Kd7
{[%clk 0:15:34]} 38. Re3 {[%clk 0:48:05]} f4 {[%clk 0:15:41]} 39. gxf4
{[%clk 0:48:26]} Rxf4 {[%clk 0:16:07]} 40. c5 {[%clk 0:47:17]} Rxh4
{[%clk 0:16:17]} 41. Kc4 {[%clk 0:47:45]} g5 {[%clk 0:09:49]} 42. Ra3
{[%clk 0:47:31]} h5 {[%clk 0:08:18]} 43. Rxa7+ {[%clk 0:47:54]} Kc6
{[%clk 0:08:33]} 44. Ra6+ {[%clk 0:45:00]} Kb7 {[%clk 0:08:41]} 45. Rb6+
{[%clk 0:45:25]} Kc7 {[%clk 0:08:39]} 46. Kd5 {[%clk 0:45:35]} g4
{[%clk 0:07:54]} 47. Rg6 {[%clk 0:45:57]} Rh2 {[%clk 0:06:46]} 48. Rg7+
{[%clk 0:46:20]} Kd8 {[%clk 0:06:38]} 49. Kd6 {[%clk 0:46:42]} Ke8
{[%clk 0:04:36]} 50. c6 {[%clk 0:46:56]} Kf8 {[%clk 0:04:52]} 51. Rg5
{[%clk 0:47:20]} Ke8 {[%clk 0:03:53]} 52. c7 {[%clk 0:47:30]} Rc2
{[%clk 0:04:05]} 53. Rc5 {[%clk 0:47:44]} 1-0

[Event "2016 South Wales International"]
[Site "Cardiff"]
[Date "2016.07.09"]
[Round "5"]
[Board "9"]
[White "Waterfield, John W"]
[Black "Braun, Walter"]
[Result "0-1"]
[WhiteElo "1980"]
[BlackElo "2207"]
[PlyCount "0"]
[EventDate "2016.07.07"]
[EventRounds "10"]
[EventCountry "WLS"]

1. e4 {[%clk 1:30:53]} c5 {[%clk 1:30:52]} 2. c3 {[%clk 1:29:48]} e6
{[%clk 1:30:42]} 3. d4 {[%clk 1:30:07]} d5 {[%clk 1:31:08]} 4. Nd2
{[%clk 1:30:12]} cxd4 {[%clk 1:30:39]} 5. cxd4 {[%clk 1:30:38]} Nc6
{[%clk 1:31:03]} 6. Ngf3 {[%clk 1:30:53]} Nf6 {[%clk 1:30:08]} 7. Bd3
{[%clk 1:29:35]} Bb4 {[%clk 1:27:09]} 8. e5 {[%clk 1:27:48]} Ne4 {[%clk 1:25:48]}
9. O-O {[%clk 1:26:52]} f5 {[%clk 1:26:14]} 10. exf6 {[%clk 1:27:11]} Nxf6
{[%clk 1:26:37]} 11. a3 {[%clk 1:25:59]} Bd6 {[%clk 1:26:45]} 12. b4
{[%clk 1:24:35]} O-O {[%clk 1:26:36]} 13. Re1 {[%clk 1:20:50]} a6
{[%clk 1:24:34]} 14. Nb3 {[%clk 1:15:05]} Qc7 {[%clk 1:23:06]} 15. Bb2
{[%clk 1:06:57]} Bd7 {[%clk 1:14:25]} 16. Ne5 {[%clk 1:03:43]} Rae8
{[%clk 1:13:42]} 17. Rc1 {[%clk 0:54:29]} Re7 {[%clk 1:13:49]} 18. Nxc6
{[%clk 0:38:07]} Bxh2+ {[%clk 1:11:09]} 19. Kh1 {[%clk 0:38:34]} bxc6
{[%clk 1:11:32]} 20. g3 {[%clk 0:38:30]} Bxg3 {[%clk 1:11:56]} 21. fxg3
{[%clk 0:38:56]} Qxg3 {[%clk 1:12:17]} 22. Rf1 {[%clk 0:29:50]} Ng4
{[%clk 1:10:54]} 23. Rxf8+ {[%clk 0:30:15]} Kxf8 {[%clk 1:11:20]} 24. Qe2
{[%clk 0:23:41]} Rf7 {[%clk 1:10:32]} 25. Rf1 {[%clk 0:23:12]} Nf2+
{[%clk 1:10:35]} 26. Rxf2 {[%clk 0:23:33]} Rxf2 {[%clk 1:10:56]} 0-1

[Event "2016 South Wales International"]
[Site "Cardiff"]
[Date "2016.07.09"]
[Round "5"]
[Board "10"]
[White "Fathallah, Joe"]
[Black "Byron, Alan M"]
[Result "0-1"]
[WhiteElo "1960"]
[BlackElo "2136"]
[PlyCount "0"]
[EventDate "2016.07.07"]
[EventRounds "10"]
[EventCountry "WLS"]

1. d4 {[%clk 1:30:56]} Nf6 {[%clk 1:30:18]} 2. c4 {[%clk 1:31:12]} e6
{[%clk 1:30:31]} 3. Nc3 {[%clk 1:31:31]} Bb4 {[%clk 1:30:36]} 4. Qc2
{[%clk 1:31:52]} c5 {[%clk 1:27:57]} 5. dxc5 {[%clk 1:32:06]} O-O
{[%clk 1:26:42]} 6. a3 {[%clk 1:31:07]} Bxc5 {[%clk 1:26:26]} 7. b4
{[%clk 1:30:29]} Be7 {[%clk 1:26:47]} 8. Nf3 {[%clk 1:29:42]} a5 {[%clk 1:26:54]}
9. b5 {[%clk 1:28:27]} b6 {[%clk 1:24:58]} 10. g3 {[%clk 1:25:45]} Bb7
{[%clk 1:19:15]} 11. Bg2 {[%clk 1:25:04]} Qc7 {[%clk 1:19:19]} 12. Na4
{[%clk 1:22:01]} Be4 {[%clk 1:12:14]} 13. Qd2 {[%clk 1:16:52]} d6
{[%clk 1:06:17]} 14. O-O {[%clk 1:16:31]} Nbd7 {[%clk 1:05:42]} 15. Qd4
{[%clk 1:10:27]} Rac8 {[%clk 1:01:28]} 16. Nd2 {[%clk 1:09:05]} Bc2
{[%clk 0:54:46]} 17. Nb2 {[%clk 1:02:46]} Ne5 {[%clk 0:40:06]} 18. Ra2
{[%clk 0:50:31]} Rfd8 {[%clk 0:32:51]} 19. Nd3 {[%clk 0:45:47]} Bxd3
{[%clk 0:27:31]} 20. exd3 {[%clk 0:46:06]} Nfd7 {[%clk 0:22:43]} 21. Qe3
{[%clk 0:41:59]} Nf6 {[%clk 0:19:08]} 22. Rc2 {[%clk 0:36:20]} d5
{[%clk 0:15:18]} 23. Bb2 {[%clk 0:35:00]} Neg4 {[%clk 0:14:25]} 24. Qe2
{[%clk 0:33:48]} d4 {[%clk 0:11:37]} 25. Re1 {[%clk 0:29:56]} Nh6
{[%clk 0:08:37]} 26. Nf3 {[%clk 0:26:21]} Bc5 {[%clk 0:08:45]} 27. Ne5
{[%clk 0:25:20]} Nf5 {[%clk 0:07:54]} 28. Nc6 {[%clk 0:22:26]} Rd7
{[%clk 0:08:15]} 29. Qf3 {[%clk 0:15:05]} Qd6 {[%clk 0:07:24]} 30. a4
{[%clk 0:12:22]} Bb4 {[%clk 0:05:04]} 31. Ree2 {[%clk 0:11:54]} h5
{[%clk 0:03:42]} 32. Bc1 {[%clk 0:10:27]} g6 {[%clk 0:01:27]} 33. Bf4
{[%clk 0:10:17]} Qf8 {[%clk 0:01:40]} 34. h3 {[%clk 0:09:43]} Nh7
{[%clk 0:00:52]} 35. Bh1 {[%clk 0:08:28]} Bd6 {[%clk 0:00:54]} 36. Rc1
{[%clk 0:07:40]} Bxf4 {[%clk 0:00:39]} 37. Qxf4 {[%clk 0:07:47]} Qg7
{[%clk 0:01:03]} 38. c5 {[%clk 0:05:23]} g5 {[%clk 0:01:02]} 39. Qd2
{[%clk 0:05:02]} bxc5 {[%clk 0:01:15]} 40. Qxa5 {[%clk 0:04:11]} Qf8
{[%clk 0:00:43]} 41. Rec2 {[%clk 0:00:53]} Qd6 {[%clk 0:28:12]} 42. Qe1
{[%clk 0:25:59]} Nf6 {[%clk 0:17:10]} 43. Rxc5 {[%clk 0:24:29]} Nd5
{[%clk 0:17:18]} 44. Bxd5 {[%clk 0:23:48]} exd5 {[%clk 0:17:46]} 45. Qe2
{[%clk 0:20:57]} Kg7 {[%clk 0:12:50]} 46. Qxh5 {[%clk 0:20:06]} Qf6
{[%clk 0:06:54]} 47. Qe2 {[%clk 0:18:01]} Qh6 {[%clk 0:03:36]} 48. Qe5+
{[%clk 0:17:14]} Kg6 {[%clk 0:04:05]} 49. Nxd4 {[%clk 0:15:44]} Nxd4
{[%clk 0:04:25]} 50. Qxd4 {[%clk 0:15:29]} Rxc5 {[%clk 0:04:29]} 51. Rxc5
{[%clk 0:15:04]} Qxh3 {[%clk 0:04:49]} 52. Rc6+ {[%clk 0:14:32]} Kh7
{[%clk 0:04:30]} 53. Rc8 {[%clk 0:14:12]} Kg6 {[%clk 0:03:12]} 54. Rh8
{[%clk 0:10:42]} Qe6 {[%clk 0:02:15]} 55. Rg8+ {[%clk 0:10:31]} Kh5
{[%clk 0:02:43]} 56. Kg2 {[%clk 0:10:00]} f6 {[%clk 0:02:31]} 57. Qa1
{[%clk 0:09:12]} Qxg8 {[%clk 0:02:51]} 58. Qxf6 {[%clk 0:08:53]} Qf7
{[%clk 0:01:07]} 59. Qh8+ {[%clk 0:08:14]} Kg6 {[%clk 0:01:32]} 60. Qe5
{[%clk 0:07:26]} d4 {[%clk 0:01:29]} 61. Qe4+ {[%clk 0:07:30]} Qf5
{[%clk 0:01:22]} 62. Qc6+ {[%clk 0:07:34]} Kg7 {[%clk 0:01:50]} 63. b6
{[%clk 0:07:12]} Rf7 {[%clk 0:01:20]} 64. f3 {[%clk 0:06:48]} g4 {[%clk 0:00:58]}
65. a5 {[%clk 0:03:51]} Qxd3 {[%clk 0:01:03]} 66. Qd5 {[%clk 0:03:33]} Qe2+
{[%clk 0:00:46]} 67. Kg1 {[%clk 0:03:39]} Qe1+ {[%clk 0:01:10]} 68. Kg2
{[%clk 0:03:36]} Qe2+ {[%clk 0:00:44]} 69. Kg1 {[%clk 0:03:59]} Qe1+
{[%clk 0:01:10]} 70. Kg2 {[%clk 0:04:06]} Qd2+ {[%clk 0:01:11]} 71. Kg1
{[%clk 0:03:44]} Qe3+ {[%clk 0:01:39]} 72. Kg2 {[%clk 0:02:43]} gxf3+
{[%clk 0:02:00]} 73. Kh3 {[%clk 0:02:48]} f2 {[%clk 0:01:29]} 74. b7
{[%clk 0:03:01]} f1=Q+ {[%clk 0:01:50]} 75. Kh4 {[%clk 0:03:10]} Qh6+
{[%clk 0:01:14]} 76. Kg4 {[%clk 0:03:31]} Qfh3# 0-1

[Event "2016 South Wales International"]
[Site "Cardiff"]
[Date "2016.07.09"]
[Round "5"]
[Board "11"]
[White "Brown, Thomas"]
[Black "Whitehead, Mark A"]
[Result "1/2-1/2"]
[WhiteElo "2107"]
[BlackElo "1969"]
[PlyCount "0"]
[EventDate "2016.07.07"]
[EventRounds "10"]
[EventCountry "WLS"]

1. d4 {[%clk 1:30:27]} Nf6 {[%clk 1:12:39]} 2. c4 {[%clk 1:30:48]} e6
{[%clk 1:12:54]} 3. Nc3 {[%clk 1:31:11]} Bb4 {[%clk 1:12:58]} 4. e3
{[%clk 1:31:03]} b6 {[%clk 1:12:33]} 5. Nge2 {[%clk 1:30:47]} Bb7
{[%clk 1:11:57]} 6. a3 {[%clk 1:30:42]} Be7 {[%clk 1:07:23]} 7. Ng3
{[%clk 1:30:17]} h5 {[%clk 0:56:20]} 8. d5 {[%clk 1:21:00]} h4 {[%clk 0:43:26]}
9. Nge2 {[%clk 1:21:10]} e5 {[%clk 0:43:02]} 10. Ng1 {[%clk 1:17:25]} d6
{[%clk 0:42:42]} 11. Bd3 {[%clk 1:11:19]} Nbd7 {[%clk 0:41:00]} 12. Nf3
{[%clk 1:08:25]} Nc5 {[%clk 0:37:40]} 13. Bc2 {[%clk 1:08:08]} a5
{[%clk 0:34:09]} 14. Rb1 {[%clk 1:07:28]} Bc8 {[%clk 0:33:18]} 15. b4
{[%clk 1:07:18]} Nb7 {[%clk 0:26:03]} 16. Nd2 {[%clk 1:01:55]} Nh5
{[%clk 0:21:58]} 17. g4 {[%clk 0:59:03]} Nf6 {[%clk 0:21:12]} 18. h3
{[%clk 0:58:53]} Bd7 {[%clk 0:20:04]} 19. Bb2 {[%clk 0:54:47]} axb4
{[%clk 0:16:52]} 20. axb4 {[%clk 0:55:09]} c6 {[%clk 0:17:15]} 21. e4
{[%clk 0:49:00]} c5 {[%clk 0:17:01]} 22. b5 {[%clk 0:47:35]} Nh7 {[%clk 0:14:03]}
23. O-O {[%clk 0:46:44]} O-O {[%clk 0:12:30]} 24. Nf3 {[%clk 0:39:40]} g5
{[%clk 0:12:28]} 25. Qd2 {[%clk 0:37:14]} Na5 {[%clk 0:12:09]} 26. Qe2
{[%clk 0:35:54]} Re8 {[%clk 0:11:53]} 27. Ne1 {[%clk 0:30:01]} Nf8
{[%clk 0:11:56]} 28. Ng2 {[%clk 0:29:51]} Ng6 {[%clk 0:11:59]} 29. Nd1
{[%clk 0:29:47]} Nf4 {[%clk 0:11:31]} 30. Nxf4 {[%clk 0:30:11]} gxf4
{[%clk 0:11:54]} 31. f3 {[%clk 0:27:46]} Ra7 {[%clk 0:09:15]} 32. Nf2
{[%clk 0:27:05]} Qc7 {[%clk 0:08:17]} 33. Qd3 {[%clk 0:25:06]} Rea8
{[%clk 0:07:31]} 34. Qc3 {[%clk 0:25:23]} Nb7 {[%clk 0:05:09]} 35. Nd3
{[%clk 0:25:33]} Bg5 {[%clk 0:05:21]} 36. Rfd1 {[%clk 0:24:44]} f6
{[%clk 0:05:38]} 37. Ne1 {[%clk 0:24:47]} Nd8 {[%clk 0:05:25]} 38. Ng2
{[%clk 0:25:02]} Bc8 {[%clk 0:04:46]} 39. Qe1 {[%clk 0:25:09]} Qh7
{[%clk 0:04:57]} 40. Ra1 {[%clk 0:24:31]} Nf7 {[%clk 0:04:23]} 41. Rxa7
{[%clk 0:24:11]} Rxa7 {[%clk 0:04:43]} 42. Ra1 {[%clk 0:24:05]} Rxa1
{[%clk 0:05:06]} 43. Qxa1 {[%clk 0:24:08]} Nh8 {[%clk 0:05:28]} 44. Bc3
{[%clk 0:20:12]} Ng6 {[%clk 0:05:46]} 45. Be1 {[%clk 0:17:37]} Kf8
{[%clk 0:05:30]} 46. Bf2 {[%clk 0:17:23]} Ke8 {[%clk 0:05:30]} 47. Qa8
{[%clk 0:14:26]} Qb7 {[%clk 0:05:45]} 1/2-1/2